| 000 | 01538nam a22002297a 4500 | ||
|---|---|---|---|
| 003 | OSt | ||
| 005 | 20230619153237.0 | ||
| 008 | 180803b xxu||||| |||| 00| 0 eng d | ||
| 020 | _a9780071318358 | ||
| 040 | _cWIUC | ||
| 050 | _aHF5686.C8M224 | ||
| 100 |
_aLanen, William N. _91727 |
||
| 245 |
_aFundamentals of cost accounting. / _cWilliam N. Lanen, Shannon W. Anderson and Michael W. Maher. |
||
| 250 | _a4th ed. | ||
| 260 |
_aNew York : _bMcGraw-Hill/ Irwin, _c2014. |
||
| 300 |
_axxxvi, 711p. +various paging : _bill. ; _c28 cm. |
||
| 500 | _aIncludes appendix and index. | ||
| 505 | _aContents: Introduction and overview: 1. Cost accounting: information for decision-making -- 2. Cost concepts and behavior -- Cost analysis and estimation: 3. Fundamentals of cost-volume-profit analysis -- 4. Fundamentals of cost analysis for decision making -- 5. Cost Estimation -- Cost management systems: 6. Fundamentals of product and service costing -- 7. Job costing -- 8. Process costing -- 9. Activity-based costing -- 10. Fundamentals of cost management -- 11. Service department and joint cost allocation -- Management control systems: 12. Fundamentals of management control systems -- 13. Planning and budgeting -- 14. Business unit performance measurement -- 15. Transfer pricing -- 16. Fundamentals of variance analysis -- 17. Additional topics in variance analysis -- 18. Performance measurement to support business strategy. | ||
| 700 |
_aAnderson, Shannon W. _91728 |
||
| 700 |
_aMaher, Michael W. _91729 |
||
| 942 |
_2lcc _cBK |
||
| 999 |
_c6628 _d14128 |
||